[Event "European Youth Chess Championship B8"]
[Site "Prague, Top Hotel Prague"]
[Date "2016.08.27"]
[Round "9.7"]
[White "Gungor, Cihan Akif"]
[Black "Vafin, Tagir"]
[Result "0-1"]
[WhiteElo "1451"]
[BlackElo "1346"]
[PlyCount "40"]
[EventDate "2016.08.18"]

1. e4 e6 2. d4 d5 3. e5 c5 4. c3 Qb6 5. Nf3 Nc6 6. Bd3 cxd4 7. cxd4 Bd7 8. Bc2
Nb4 9. Nc3 Nxc2+ 10. Qxc2 Ne7 11. Be3 Nf5 12. O-O Be7 13. Rac1 O-O 14. Rfd1 h6
15. Bf4 Rac8 16. Qe2 Rc4 17. Be3 Rfc8 18. g4 Nxe3 19. fxe3 Bb4 20. Nd2 R4c7 {
n.r.} 0-1

[Event "European Youth Chess Championship B8"]
[Site "Prague, Top Hotel Prague"]
[Date "2016.08.27"]
[Round "9.8"]
[White "Magold, Filip"]
[Black "Wierzbicki, Dawid"]
[Result "0-1"]
[WhiteElo "1431"]
[BlackElo "1391"]
[PlyCount "110"]
[EventDate "2016.08.18"]

1. d4 e6 2. c4 b6 3. Nc3 Bb7 4. e4 Bb4 5. Bd3 f5 6. f3 fxe4 7. fxe4 Nf6 8. Qe2
Bxc3+ 9. bxc3 Nxe4 10. Qg4 Nf6 11. Qe2 O-O 12. Nf3 Qe7 13. O-O d6 14. Ng5 Re8
15. Re1 e5 16. Be4 Bxe4 17. Nxe4 Nxe4 18. Qxe4 Nd7 19. Ba3 Nf6 20. Qc6 e4 21.
Re2 h6 22. Rae1 Rad8 23. Qa4 Kh8 24. Qc2 Qe6 25. Qb3 Kh7 26. h3 Qf7 27. d5 Qe7
28. Bc1 Qe5 29. Be3 Qf5 30. Bd4 Qg6 31. Qc2 Nh5 32. Re3 Re7 33. Kh2 Rf8 34.
R1e2 Rff7 35. Rxe4 Rxe4 36. Qxe4 Nf4 37. Qxg6+ Kxg6 38. Re4 Nd3 39. Kg3 Nb2 40.
Bf2 Na4 41. Be1 Nc5 42. Re3 Na4 43. Re2 a6 44. Re4 Nb2 45. a3 Rf1 46. Re7 Rf7
47. Re4 Nd3 48. h4 Ne5 49. Bd2 a5 50. Bf4 Kf5 51. Rd4 Nd7 52. Be3 Re7 53. Bd2
Re4 54. Kf3 Ne5+ 55. Kf2 Rxd4 0-1

[Event "European Youth Chess Championship B8"]
[Site "Prague, Top Hotel Prague"]
[Date "2016.08.27"]
[Round "9.9"]
[White "Abasov, Yusif"]
[Black "Pham, Chi Cuong"]
[Result "0-1"]
[WhiteElo "1398"]
[BlackElo "1313"]
[PlyCount "78"]
[EventDate "2016.08.18"]

1. e4 e6 2. d4 d5 3. Nc3 Nf6 4. e5 Nfd7 5. f4 c5 6. Nf3 Nc6 7. Be3 a6 8. Be2
Qc7 9. O-O Be7 10. Rb1 O-O 11. a3 b6 12. Qe1 cxd4 13. Nxd4 Bc5 14. Qf2 Nxd4 15.
Bxd4 Bxd4 16. Qxd4 Qc5 17. Qxc5 bxc5 18. Bg4 Rb8 19. b3 a5 20. Rfd1 Nb6 21. Nb5
Bd7 22. Nd6 d4 23. Bf3 Nd5 24. Bxd5 exd5 25. Re1 Rb6 26. a4 Rfb8 27. Rbd1 Kf8
28. h3 h5 29. h4 g6 30. Rf1 f5 31. Rf3 Be6 32. Rg3 Kg7 33. Rg5 c4 34. Nb5 cxb3
35. cxb3 Rc8 36. Nxd4 Rc3 37. Nxe6+ Rxe6 38. Rxd5 Rxb3 39. Rxa5 Rb4 {time} 0-1

[Event "European Youth Chess Championship B8"]
[Site "Prague, Top Hotel Prague"]
[Date "2016.08.27"]
[Round "9.10"]
[White "Kuhn, Clement"]
[Black "Todev, Simeon"]
[Result "0-1"]
[WhiteElo "1393"]
[BlackElo "1498"]
[PlyCount "68"]
[EventDate "2016.08.18"]

1. d4 Nf6 2. Nf3 g6 3. Nc3 d5 4. Bf4 Bg7 5. e3 O-O 6. Be2 Nc6 7. Ne5 a6 8. h4
h5 9. g4 Nxe5 10. dxe5 Nxg4 11. Qxd5 c6 12. Qd4 Qc7 13. Na4 Qa5+ 14. c3 Nxe5
15. Qc5 Qxa4 16. Bxe5 Qe4 17. f3 Qxe5 18. Qxe5 Bxe5 19. O-O-O Be6 20. Kb1 Rad8
21. f4 Bf6 22. e4 Rxd1+ 23. Bxd1 Rd8 24. Kc2 Bc4 25. Rh3 Bxa2 26. f5 Bb1+ 27.
Kxb1 Rxd1+ 28. Kc2 Rf1 29. fxg6 fxg6 30. Kd3 Rf4 31. Rg3 Rg4 32. Re3 Bxh4 33.
Kc4 Bg3 34. Kc5 Bf2 0-1

[Event "European Youth Chess Championship B8"]
[Site "Prague, Top Hotel Prague"]
[Date "2016.08.27"]
[Round "9.11"]
[White "Kolesov, Gordey"]
[Black "Fizer, Marek"]
[Result "1-0"]
[WhiteElo "1627"]
[BlackElo "1297"]
[PlyCount "51"]
[EventDate "2016.08.18"]

1. e4 c5 2. Nf3 Nc6 3. c3 e6 4. d4 cxd4 5. cxd4 Nf6 6. Nc3 Bb4 7. Bd3 d5 8. e5
Ne4 9. Qc2 O-O 10. Bxe4 dxe4 11. Qxe4 Qb6 12. O-O Rd8 13. Be3 Qc7 14. Ne2 b6
15. a3 Bf8 16. Rac1 Bb7 17. Qg4 Rac8 18. Ng3 Ba8 19. Nh5 Qb7 20. Nxg7 Bxg7 21.
Bh6 f5 22. exf6 Nxd4 23. Nxd4 Rxd4 24. Qxe6+ Qf7 25. Rxc8+ Bf8 26. Rxf8# 1-0

[Event "European Youth Chess Championship B8"]
[Site "Prague, Top Hotel Prague"]
[Date "2016.08.27"]
[Round "9.12"]
[White "Costa, Leonardo"]
[Black "Wielgus, Wojciech"]
[Result "1-0"]
[WhiteElo "1600"]
[BlackElo "1151"]
[PlyCount "37"]
[EventDate "2016.08.18"]

1. e4 e5 2. Nf3 Nc6 3. Bc4 Nf6 4. d3 Bc5 5. c3 O-O 6. O-O a6 7. Nbd2 b5 8. Bb3
Bb7 9. h3 Bb6 10. Re1 Re8 11. Nf1 d5 12. exd5 Nxd5 13. Ng3 Qd7 14. Ng5 h6 15.
N5e4 Rad8 16. Bxh6 Re6 17. Bg5 Rde8 18. Qg4 Qc8 19. Bxd5 1-0

[Event "European Youth Chess Championship B8"]
[Site "Prague, Top Hotel Prague"]
[Date "2016.08.27"]
[Round "9.13"]
[White "Ider, Bayar"]
[Black "Tetyuev, Stepan"]
[Result "0-1"]
[WhiteElo "1272"]
[BlackElo "1350"]
[PlyCount "36"]
[EventDate "2016.08.18"]

1. d4 d5 2. Nf3 Nf6 3. Bf4 Bf5 4. e3 e6 5. c4 dxc4 6. Bxc4 c5 7. O-O Nc6 8. Nc3
Be7 9. a3 a6 10. d5 exd5 11. Nxd5 Nxd5 12. Bxd5 O-O 13. Ne5 Nxe5 14. Bxe5 Qb6
15. Qf3 Be6 16. Bxb7 Ra7 17. Qg3 f6 18. Bf4 {n.r.} Rxb7 0-1

[Event "European Youth Chess Championship B8"]
[Site "Prague, Top Hotel Prague"]
[Date "2016.08.27"]
[Round "9.14"]
[White "Borowik, Wojciech"]
[Black "Cvetkovski, Gjorgji"]
[Result "1-0"]
[WhiteElo "1347"]
[BlackElo "1128"]
[PlyCount "105"]
[EventDate "2016.08.18"]

1. d4 d5 2. c4 e6 3. Nc3 Nf6 4. Bg5 Be7 5. e3 O-O 6. Nf3 Nbd7 7. Bd3 b6 8. cxd5
exd5 9. O-O Bb7 10. Rc1 Rc8 11. Qa4 a6 12. Bf5 Ra8 13. Ne2 c5 14. dxc5 bxc5 15.
Rfd1 Nb6 16. Qc2 g6 17. Bh3 Qd6 18. Ng3 Rfd8 19. e4 Nfd7 20. Bxe7 Qxe7 21. exd5
Bxd5 22. Bxd7 Rxd7 23. Qxc5 Qxc5 24. Rxc5 Bxa2 25. Rxd7 Nxd7 26. Rc7 Nf6 27.
Kf1 Kf8 28. h3 Re8 29. Rc2 Bb1 30. Rd2 Ne4 31. Nxe4 Bxe4 32. Nd4 Kg7 33. f3 Bb1
34. Kf2 Kf6 35. b3 Rb8 36. Ke2 Re8+ 37. Kd1 Bf5 38. Ne2 h5 39. Kc1 Re3 40. Kb2
Be6 41. Nd4 Re5 42. Kc3 Rd5 43. b4 Bd7 44. Kb3 Rg5 45. Kc4 Be6+ 46. Nxe6 Kxe6
47. Rd8 Kf5 48. Rd5+ Kf4 49. Rxg5 Kxg5 50. Kc5 Kf4 51. Kb6 Kg3 52. Kxa6 Kxg2
53. b5 1-0

[Event "European Youth Chess Championship B8"]
[Site "Prague, Top Hotel Prague"]
[Date "2016.08.27"]
[Round "9.15"]
[White "Pershin, Patrik"]
[Black "Levitan, Yaron"]
[Result "0-1"]
[WhiteElo "1252"]
[BlackElo "1443"]
[PlyCount "46"]
[EventDate "2016.08.18"]

1. d4 d5 2. c4 e6 3. Nc3 Be7 4. cxd5 exd5 5. Nf3 Nf6 6. Bg5 O-O 7. e3 b6 8. Bd3
Bb7 9. Bxf6 Bxf6 10. Qb1 h6 11. h4 c5 12. Ne2 Nc6 13. dxc5 bxc5 14. O-O Bxh4
15. Re1 Be7 16. Bb5 Qd6 17. Rd1 a6 18. Ba4 Rad8 19. Nc3 d4 20. Ne5 Bf6 21. exd4
Nxd4 22. Nf3 Rfe8 23. Nxd4 cxd4 {n.r.} 0-1

[Event "European Youth Chess Championship B8"]
[Site "Prague, Top Hotel Prague"]
[Date "2016.08.27"]
[Round "9.16"]
[White "Orujov, Farid"]
[Black "Zieba, Hubert"]
[Result "1-0"]
[WhiteElo "1462"]
[BlackElo "1142"]
[PlyCount "119"]
[EventDate "2016.08.18"]

1. c4 c5 2. d3 Nc6 3. Nf3 g6 4. g3 Bg7 5. Bg2 Nf6 6. O-O O-O 7. Nc3 d5 8. cxd5
Nxd5 9. Bd2 e6 10. Rc1 b6 11. Qc2 Bb7 12. a3 Qd7 13. Qb1 Rfd8 14. Nxd5 Qxd5 15.
Bg5 Re8 16. Rfd1 Nd4 17. Re1 Rab8 18. Be3 Nxf3+ 19. Bxf3 Qd7 20. Bg2 Bxg2 21.
Kxg2 Qc6+ 22. Kg1 Qd5 23. Bd2 Rbc8 24. Bc3 c4 25. Bxg7 Kxg7 26. dxc4 Rxc4 27.
Red1 Qc6 28. e3 Rc8 29. Rxc4 Qxc4 30. Qd3 Qxd3 31. Rxd3 h5 32. Rc3 Rxc3 33.
bxc3 Kf6 34. Kf1 Ke5 35. Ke2 f5 36. Kd3 Kd5 37. c4+ Kc5 38. Kc3 e5 39. f3 g5
40. h3 e4 41. fxe4 fxe4 42. a4 a6 43. Kb3 b5 44. cxb5 axb5 45. a5 g4 46. h4 Kd5
47. Kb4 Kc6 48. a6 Kb6 49. a7 Kxa7 50. Kxb5 Kb7 51. Kc5 Kc7 52. Kd5 Kd7 53.
Kxe4 Ke6 54. Kf4 Kf6 55. e4 Ke6 56. Kg5 Ke5 57. Kxh5 Kxe4 58. Kxg4 Ke5 59. Kg5
Ke6 60. Kg6 1-0

[Event "European Youth Chess Championship B8"]
[Site "Prague, Top Hotel Prague"]
[Date "2016.08.27"]
[Round "9.36"]
[White "Viliusis, Neimantas"]
[Black "Solovyev, Nikolay"]
[Result "1-0"]
[WhiteElo "1100"]
[BlackElo "1032"]
[PlyCount "101"]
[EventDate "2016.08.18"]

1. d4 Nf6 2. c4 e6 3. Nc3 c5 4. Nf3 d5 5. Bg5 h6 6. Bh4 Nc6 7. e3 Bd6 8. cxd5
cxd4 9. dxc6 dxc3 10. cxb7 cxb2 11. bxa8=Q bxa1=Q 12. Qc6+ Ke7 13. Qxa1 Bb4+
14. Ke2 g5 15. Qd4 Ba5 16. Qxd8+ Rxd8 17. Qc5+ Ke8 18. Qxa5 gxh4 19. g3 Rd5 20.
Qxa7 h3 21. Bxh3 Rd7 22. Qa4 Bb7 23. Rd1 Ke7 24. Rxd7+ Nxd7 25. Qb4+ Ke8 26.
Qxb7 h5 27. Bxe6 fxe6 28. Qe4 Ke7 29. Ne5 Nxe5 30. Qxe5 h4 31. Qxe6+ Kxe6 32.
Kf3 Kf7 33. Kg4 Kg7 34. Kxh4 Kh7 35. a4 Kg7 36. a5 Kf7 37. a6 Ke7 38. a7 Kd6
39. a8=Q Ke6 40. Qa5 Kd6 41. Qb5 Ke6 42. Qc5 Kf6 43. Qd5 Kg6 44. Qe5 Kh6 45.
Qf5 Kg7 46. Qe6 Kh7 47. Qf6 Kg8 48. Qe7 Kh8 49. Kg5 Kg8 50. Kg6 Kh8 51. Qh7#
1-0

[Event "European Youth Chess Championship B10"]
[Site "Prague, Top Hotel Prague"]
[Date "2016.08.18"]
[Round "1.1"]
[White "Jishkariani, Erekle"]
[Black "Makoveev, Ilya"]
[Result "0-1"]
[WhiteElo "1505"]
[BlackElo "2186"]
[PlyCount "94"]
[EventDate "2016.??.??"]

1. c4 Nf6 2. d4 e6 3. a3 c5 4. Nf3 cxd4 5. Nxd4 Qc7 6. e3 a6 7. Be2 Be7 8. O-O
O-O 9. Nd2 d6 10. b4 e5 11. N4b3 Be6 12. Bb2 Nc6 13. e4 Rfc8 14. Rc1 a5 15. b5
Nb8 16. a4 Nbd7 17. Ba3 Nc5 18. Nxc5 dxc5 19. Qc2 Rd8 20. Nb3 Nd7 21. Qc3 Nb6
22. Qe3 Nxa4 23. Rfd1 h6 24. Rxd8+ Rxd8 25. Bf1 Bg5 26. Qe1 Bxc1 27. Qxc1 Qd6
28. Nxa5 Qd1 29. f3 Qxc1 30. Bxc1 Rd1 31. Be3 b6 32. Nb3 Rxf1+ 33. Kxf1 Bxc4+
34. Ke1 Bxb3 35. Kd2 Bc4 36. Kc2 Bxb5 37. Kb3 Kf8 38. f4 f6 39. fxe5 fxe5 40.
Bf2 Ke7 41. Bh4+ Kd6 42. Bd8 Bc6 43. g3 b5 44. Ba5 Bxe4 45. Bd2 Nb6 46. Ba5 Nc4
47. Be1 Ne3 0-1

[Event "European Youth Chess Championship B10"]
[Site "Prague, Top Hotel Prague"]
[Date "2016.08.18"]
[Round "1.2"]
[White "Murzin, Volodar"]
[Black "Kabadayi, Suleyman Arda"]
[Result "1-0"]
[WhiteElo "2080"]
[BlackElo "1487"]
[PlyCount "91"]
[EventDate "2016.??.??"]

1. Nf3 c5 2. g3 d5 3. Bg2 Nf6 4. O-O e6 5. c4 d4 6. d3 Nc6 7. e3 e5 8. exd4
exd4 9. Re1+ Be7 10. Bg5 O-O 11. Nbd2 h6 12. Bxf6 Bxf6 13. a3 a5 14. h3 Bf5 15.
Ne4 Be7 16. Nfd2 a4 17. Nf1 Qb6 18. Rb1 Bxe4 19. Bxe4 Bd6 20. b3 axb3 21. Rxb3
Qc7 22. Qf3 Ra7 23. Reb1 Na5 24. Rb5 Rb8 25. Nd2 Be7 26. Bd5 Bf8 27. Rb6 Ra6
28. Rxa6 bxa6 29. Qxf7+ Qxf7 30. Bxf7+ Kxf7 31. Rxb8 Bd6 32. Rb6 Bc7 33. Rxa6
Kg8 34. Ne4 Nb3 35. Rc6 Ba5 36. Nxc5 Nxc5 37. Rxc5 Bc3 38. a4 Bb4 39. Rd5 Bc3
40. a5 Bb4 41. a6 Kh7 42. a7 Be7 43. a8=Q Bf6 44. Rd7 Kg6 45. Qe4+ Kh5 46. Qg4#
1-0

[Event "European Youth Chess Championship B10"]
[Site "Prague, Top Hotel Prague"]
[Date "2016.08.18"]
[Round "1.3"]
[White "Aliyev, Farid"]
[Black "Kostolansky, Sebastian Lukas"]
[Result "0-1"]
[WhiteElo "1482"]
[BlackElo "2015"]
[PlyCount "88"]
[EventDate "2016.??.??"]

1. e4 e6 2. Nf3 d5 3. Nc3 Nf6 4. e5 Nfd7 5. d4 c5 6. Bb5 Nc6 7. Bf4 Qb6 8. Bxc6
bxc6 9. b3 cxd4 10. Qxd4 Bb4 11. Bd2 Qxd4 12. Nxd4 Nxe5 13. f4 Ng6 14. Nxc6
Bxc3 15. Bxc3 Bd7 16. Ne5 Nxf4 17. Nxd7 Kxd7 18. g3 Nh5 19. Bb2 Rac8 20. Kd2
Nf6 21. Rhf1 Ne4+ 22. Kd3 f6 23. c4 Nc5+ 24. Ke3 dxc4 25. Rad1+ Ke8 26. bxc4
Na4 27. Bd4 Rxc4 28. Bxa7 Ke7 29. Rb1 Rc7 30. Bd4 e5 31. Bb2 Ke6 32. Ba1 Rc2
33. Rf2 Rxf2 34. Kxf2 Rc8 35. a3 Rc2+ 36. Kg1 Ra2 37. Rc1 Rxa3 38. Rd1 Kf5 39.
Rf1+ Kg4 40. Kg2 Ra2+ 41. Kg1 Kh3 42. Rf5 Rxa1+ 43. Kf2 Kg4 44. Rf3 Ra2+ 0-1

[Event "European Youth Chess Championship B10"]
[Site "Prague, Top Hotel Prague"]
[Date "2016.08.18"]
[Round "1.4"]
[White "Maneluk, Daniil"]
[Black "Kopaloff, Liam"]
[Result "1-0"]
[WhiteElo "1991"]
[BlackElo "1479"]
[PlyCount "99"]
[EventDate "2016.??.??"]

1. e4 e5 2. Nf3 Nf6 3. Nxe5 Nxe4 4. Qe2 Qe7 5. Qxe4 d6 6. d4 dxe5 7. Qxe5 Qxe5+
8. dxe5 Bf5 9. c3 Nd7 10. Bf4 O-O-O 11. Nd2 Re8 12. Nf3 f6 13. O-O-O fxe5 14.
Be3 a6 15. h3 Bd6 16. Bc4 Nf6 17. Ng5 Ne4 18. Nf7 Rhf8 19. f3 Ng3 20. Nxd6+
cxd6 21. Rhe1 Be6 22. Bd3 Bf5 23. Bf2 Nh5 24. Bxf5+ Rxf5 25. Rxd6 Nf4 26. Bb6
Rf6 27. Rxe5 Ref8 28. Rc5+ Kb8 29. Rxf6 Rxf6 30. Bc7+ Ka7 31. Bxf4 Rxf4 32. Rc7
h5 33. Rxg7 Rf5 34. Kc2 Kb6 35. Rh7 Kc6 36. g4 hxg4 37. fxg4 Rf2+ 38. Kb3 Rg2
39. Rh5 Rg3 40. g5 Kd5 41. h4 Rg4 42. Rh6 Ke5 43. g6 Kf6 44. h5 Rg5 45. Rh7 b5
46. g7 Kf7 47. h6 a5 48. Rh8 a4+ 49. Ka3 Rg6 50. Rf8+ 1-0

[Event "European Youth Chess Championship B10"]
[Site "Prague, Top Hotel Prague"]
[Date "2016.08.18"]
[Round "1.5"]
[White "Kanli, Alperen"]
[Black "Ponomarev, Grigori"]
[Result "0-1"]
[WhiteElo "1470"]
[BlackElo "1978"]
[PlyCount "78"]
[EventDate "2016.??.??"]

1. e4 c5 2. Nf3 Nc6 3. Nc3 Nf6 4. d4 cxd4 5. Nxd4 e5 6. Ndb5 d6 7. Bg5 a6 8.
Na3 b5 9. Nd5 Be7 10. Bxf6 Bxf6 11. c3 O-O 12. Nc2 Rb8 13. Be2 Bg5 14. Nce3 Be6
15. O-O Ne7 16. Nxe7+ Qxe7 17. Nd5 Qb7 18. Bf3 Bxd5 19. Qxd5 Qxd5 20. exd5 Rfc8
21. Be2 Rc5 22. Rfd1 g6 23. g3 Bf6 24. a3 a5 25. h4 e4 26. Rab1 Rc7 27. Bf1 Be5
28. Kg2 b4 29. cxb4 axb4 30. axb4 Rxb4 31. b3 Rc2 32. Bc4 e3 33. Rf1 e2 34.
Rfe1 Rcxc4 35. Rxe2 Rc3 36. f4 Bf6 37. Re8+ Kg7 38. Ra1 Rc2+ 39. Kh3 Bxa1 0-1

[Event "European Youth Chess Championship B10"]
[Site "Prague, Top Hotel Prague"]
[Date "2016.08.18"]
[Round "1.6"]
[White "Razafindratsima, Timothe"]
[Black "Prieb, Robert"]
[Result "1-0"]
[WhiteElo "1938"]
[BlackElo "1470"]
[PlyCount "79"]
[EventDate "2016.??.??"]

1. e4 e5 2. Nf3 Nf6 3. Nxe5 d6 4. Nf3 Nxe4 5. c4 Nc6 6. Nc3 Nxc3 7. dxc3 Be7 8.
Bd3 O-O 9. Qc2 f5 10. Bd2 Ne5 11. Nxe5 dxe5 12. O-O-O c6 13. f3 Qa5 14. Kb1 Rb8
15. h3 b5 16. cxb5 cxb5 17. g4 Be6 18. c4 b4 19. gxf5 Bf7 20. f4 Bf6 21. fxe5
Bxe5 22. Rhg1 Qb6 23. Rde1 Bd4 24. Rg4 Bf6 25. b3 Rfe8 26. c5 Rxe1+ 27. Bxe1
Qa5 28. Bc4 Qa3 29. Bxf7+ Kxf7 30. c6 Qa5 31. Qc4+ Ke8 32. c7 Rc8 33. Qe6+ Be7
34. Qxc8+ Kf7 35. Qe6+ Kf8 36. c8=Q+ Qd8 37. Qxd8+ Bxd8 38. Bxb4+ Be7 39. Qxe7+
Kg8 40. Qe8# 1-0

[Event "European Youth Chess Championship B10"]
[Site "Prague, Top Hotel Prague"]
[Date "2016.08.18"]
[Round "1.7"]
[White "Korsinskij, Marek"]
[Black "Paduano, Claudio"]
[Result "1-0"]
[WhiteElo "1468"]
[BlackElo "1860"]
[PlyCount "85"]
[EventDate "2016.08.18"]

1. e4 c5 2. Nf3 Nc6 3. d4 cxd4 4. Nxd4 Nf6 5. Nc3 e5 6. Nf5 d6 7. Bc4 Be6 8.
Bb3 Qd7 9. Bg5 Bxf5 10. Bxf6 Bg4 11. f3 Bh3 12. gxh3 gxf6 13. Nd5 O-O-O 14. h4
Qh3 15. Qe2 Rg8 16. O-O-O Qxh4 17. Kb1 Kb8 18. Nc3 Nd4 19. Qc4 Bh6 20. Nd5 Rc8
21. Qb4 Rc5 22. Rdg1 Rgc8 23. Ne7 Re8 24. Bd5 b6 25. c3 Nb5 26. Nf5 Qf4 27. a4
Rxd5 28. axb5 Rc5 29. Nxd6 Rf8 30. Qa3 Qxf3 31. Rf1 Qd3+ 32. Ka1 Qxd6 33. Rhg1
Rd8 34. Qb3 Qe7 35. Rd1 Qe8 36. Rxd8+ Qxd8 37. Qxf7 Rc7 38. Qe6 Qc8 39. Rg8
Qxg8 40. Qxg8+ Kb7 41. Qd5+ Kc8 42. Ka2 Bg5 43. Kb3 1-0

[Event "European Youth Chess Championship B10"]
[Site "Prague, Top Hotel Prague"]
[Date "2016.08.18"]
[Round "1.8"]
[White "Siniauski, Artsiom"]
[Black "Pistalovic, Slobodan"]
[Result "1-0"]
[WhiteElo "1840"]
[BlackElo "1458"]
[PlyCount "47"]
[EventDate "2016.08.18"]

1. e4 c6 2. d4 d5 3. e5 Bf5 4. h4 h6 5. g4 Bh7 6. e6 f6 7. Bd3 Qc8 8. Qe2 Bxd3
9. cxd3 Na6 10. f4 c5 11. f5 Qc6 12. Bf4 Rc8 13. Nf3 b6 14. Nc3 b5 15. dxc5
Nxc5 16. d4 Na4 17. Qxb5 Qxb5 18. Nxb5 Nxb2 19. O-O Kd8 20. Rac1 h5 21. g5 Nd3
22. Bc7+ Ke8 23. Rc3 Nb4 24. a3 1-0

[Event "European Youth Chess Championship B10"]
[Site "Prague, Top Hotel Prague"]
[Date "2016.08.18"]
[Round "1.9"]
[White "Pilar, Vit"]
[Black "Vasilyev, Alexey"]
[Result "0-1"]
[WhiteElo "1453"]
[BlackElo "1838"]
[PlyCount "82"]
[EventDate "2016.08.18"]

1. d4 Nf6 2. c4 e6 3. Nc3 Bb4 4. Nf3 O-O 5. e3 c5 6. Bd3 d5 7. O-O b6 8. Qc2
Bb7 9. cxd5 exd5 10. a3 Bxc3 11. Qxc3 Nbd7 12. b3 Rc8 13. Be2 Ne4 14. Qb2 Qe7
15. Bd2 f5 16. Ne5 Nxe5 17. dxe5 Nxd2 18. Qxd2 Qxe5 19. f4 Qe6 20. Bf3 Rfe8 21.
Rfe1 Rcd8 22. Rad1 Qd7 23. e4 fxe4 24. Bxe4 d4 25. Bxb7 Qxb7 26. Qd3 Qf7 27. f5
Re7 28. Rxe7 Qxe7 29. Qc4+ Kf8 30. Rf1 d3 31. Qg4 Rd4 32. Qf3 Rd8 33. Kh1 d2
34. Qd1 Qe3 35. f6 g6 36. f7 Rd4 37. h3 Re4 38. Kh2 Re6 39. Rf3 Qe5+ 40. Rg3
Qe1 41. Qf3 d1=Q 0-1

[Event "European Youth Chess Championship B10"]
[Site "Prague, Top Hotel Prague"]
[Date "2016.08.18"]
[Round "1.10"]
[White "Mizrahi, Ido"]
[Black "Gres, Michal"]
[Result "1-0"]
[WhiteElo "1827"]
[BlackElo "1452"]
[PlyCount "77"]
[EventDate "2016.08.18"]

1. d4 d5 2. c4 c6 3. cxd5 cxd5 4. Bf4 Nc6 5. e3 Nf6 6. Nc3 Bd7 7. Be2 e6 8. Nf3
Be7 9. h3 a6 10. O-O O-O 11. a3 b5 12. b4 Rc8 13. Qb3 Qb6 14. Rfc1 Na7 15. Rc2
Rc6 16. Ne5 Rcc8 17. Rac1 Bd6 18. Bf3 Bxe5 19. Bxe5 Rc6 20. Ne2 Rfc8 21. Rc5
Be8 22. Bxf6 gxf6 23. e4 dxe4 24. Bxe4 Rxc5 25. dxc5 Qc7 26. f4 f5 27. Bf3 Bc6
28. Rd1 Bxf3 29. Qxf3 Qc6 30. Nd4 Qxf3 31. Nxf3 Nc6 32. Ne5 Nxe5 33. fxe5 Rc6
34. Kf2 Kg7 35. Rd8 f6 36. Rd7+ Kg6 37. exf6 Kxf6 38. Rxh7 e5 (38... Kg6 39.
Rb7 e5 40. Rb6 Rf6 41. Ke3 Kg5 42. g4 f4+ 43. Kf3 e4+ 44. Kxe4 f3 45. Rxf6 Kxf6
46. Kxf3) 39. Rb7 1-0

[Event "European Youth Chess Championship B10"]
[Site "Prague, Top Hotel Prague"]
[Date "2016.08.18"]
[Round "1.11"]
[White "Unguroiu, Razvan-Marius"]
[Black "Pasztor, Balazs"]
[Result "0-1"]
[WhiteElo "1450"]
[BlackElo "1825"]
[PlyCount "55"]
[EventDate "2016.08.18"]

1. c4 e5 2. g3 Nc6 3. Bg2 g6 4. Nc3 Bg7 5. e3 d6 6. Nge2 h5 7. d4 h4 8. d5 Nce7
9. e4 f5 10. Qc2 h3 11. Bf3 Nf6 12. Bg5 Nh7 13. Bd2 Bf6 14. Ng1 Ng5 15. a3 fxe4
16. Nxe4 Nf5 17. Nxg5 Bxg5 18. O-O-O Bxd2+ 19. Rxd2 Qf6 20. Qe4 Bd7 21. Ne2
O-O-O 22. Qd3 g5 23. Be4 Nh6 24. f3 Nf5 25. Re1 Rhf8 26. Rf1 Be8 27. Kb1 Bf7
28. Rh1 {score-sheet un-readable} 0-1

[Event "European Youth Chess Championship B10"]
[Site "Prague, Top Hotel Prague"]
[Date "2016.08.18"]
[Round "1.12"]
[White "Maurizzi, Marc Andria"]
[Black "Christodoulou, Panormitis"]
[Result "1-0"]
[WhiteElo "1824"]
[BlackElo "1448"]
[PlyCount "45"]
[EventDate "2016.08.18"]

1. e4 e6 2. d3 d5 3. Nd2 c5 4. Ngf3 Nc6 5. g3 Bd6 6. Bg2 Nge7 7. O-O O-O 8. Re1
Qc7 9. Qe2 Ng6 10. h4 h6 11. h5 Nge5 12. Nxe5 Bxe5 13. exd5 exd5 14. Bxd5 Bxg3
15. fxg3 Nd4 16. Qe5 Qxe5 17. Rxe5 Nxc2 18. Rb1 Nb4 19. Bf3 Nxd3 20. Rd5 Nb4
21. Rxc5 Nxa2 22. Nf1 Nxc1 23. Rbxc1 1-0

[Event "European Youth Chess Championship B10"]
[Site "Prague, Top Hotel Prague"]
[Date "2016.08.18"]
[Round "1.13"]
[White "Sorensen, Marius Boss"]
[Black "Yoon, Jacob D"]
[Result "0-1"]
[WhiteElo "1447"]
[BlackElo "1823"]
[PlyCount "140"]
[EventDate "2016.08.18"]

1. e4 c5 2. Nc3 g6 3. f4 Bg7 4. Nf3 Nc6 5. d3 e6 6. Be2 Nge7 7. O-O d5 8. Qe1
O-O 9. Qh4 Nd4 10. Bd1 Nec6 11. Qxd8 Rxd8 12. e5 h5 13. Nxd4 Nxd4 14. Re1 a6
15. Be3 Nxc2 16. Bxc2 d4 17. Bd2 dxc3 18. Bxc3 Bh6 19. g3 Bd7 20. a4 Bc6 21. b3
Rd7 22. Ba5 Bd5 23. Bb6 Rc8 24. Rab1 Bf8 25. Re2 Rc6 26. Ba5 b6 27. Bc3 Rdc7
28. Rf2 Rc8 29. Rb2 R6c7 30. Rb1 Be7 31. Rb2 a5 32. Rb1 Rd7 33. Rb2 Rcd8 34.
Rb1 Bb7 35. Rd1 Ba8 36. Rfd2 Rd5 37. Kh1 Bb7 38. Kg1 Kg7 39. Kf1 Ba6 40. Kg1 h4
41. Kh1 R5d7 42. Kg1 hxg3 43. hxg3 Bb7 44. Rh2 Bf3 45. Rf1 Bg4 46. Kh1 Bf5 47.
Rf3 Bxd3 48. Bxd3 Rxd3 49. Rhf2 Bf8 50. Kh2 Kh6 51. Rf1 Kh5 52. Kg2 Rxf3 53.
Rxf3 Rd1 54. Rf1 Rxf1 55. Kxf1 Kg4 56. Kg2 Bh6 57. Bd2 g5 58. fxg5 Bxg5 59.
Bxg5 Kxg5 60. Kf3 Kf5 61. Ke3 Kxe5 62. g4 f6 63. Kd3 Kf4 64. Kc4 e5 65. Kb5 e4
66. Kxb6 e3 67. Kxa5 e2 68. Kb5 e1=Q 69. Kxc5 Qa5+ 70. Kc4 Kxg4 0-1

[Event "European Youth Chess Championship B10"]
[Site "Prague, Top Hotel Prague"]
[Date "2016.08.18"]
[Round "1.14"]
[White "Dudarev, Vladislav"]
[Black "Bancarewicz, Aleks"]
[Result "0-1"]
[WhiteElo "1821"]
[BlackElo "1444"]
[PlyCount "86"]
[EventDate "2016.08.18"]

1. Nf3 Nf6 2. c4 c5 3. d4 cxd4 4. Nxd4 Nc6 5. Nc3 g6 6. e4 Bg7 7. Be3 d6 8. Be2
Bd7 9. O-O O-O 10. f4 Qb6 11. Nf5 Qxb2 12. Na4 Qa3 13. Bc1 Qb4 14. Bd2 Qa3 15.
Rf3 Qxf3 16. Bxf3 gxf5 17. exf5 Bxf5 18. g4 Ne4 19. Bxe4 Bxe4 20. Bc3 h6 21.
Bxg7 Kxg7 22. f5 Ne5 23. Nc3 Bf3 24. Qd2 Bxg4 25. f6+ exf6 26. Kf2 Bf5 27. Rg1+
Bg6 28. h4 h5 29. Nd5 Ng4+ 30. Kg3 Rac8 31. Qd4 Rfe8 32. Rf1 Re6 33. Qc3 Rc5
34. Rf3 Be4 35. Qd4 Bxf3 36. Kxf3 Rxc4 37. Qg1 Rc5 38. Nb4 a5 39. Nd3 Rf5+ 40.
Kg3 Re3+ 41. Kg2 Rxd3 42. Qe1 Ne3+ 43. Kh2 Rf2+ 0-1

[Event "European Youth Chess Championship B10"]
[Site "Prague, Top Hotel Prague"]
[Date "2016.08.18"]
[Round "1.15"]
[White "Rousis, Chrysostomos"]
[Black "Creanga, Robert-Ionut"]
[Result "0-1"]
[WhiteElo "1443"]
[BlackElo "1809"]
[PlyCount "94"]
[EventDate "2016.08.18"]

1. e4 c5 2. Nf3 e6 3. d4 cxd4 4. Nxd4 a6 5. Nc3 Qc7 6. Bd3 Nf6 7. Nb3 d6 8. O-O
Be7 9. f4 Nbd7 10. Qe2 b5 11. a3 Bb7 12. Bd2 O-O 13. Rae1 Rfe8 14. Kh1 Rac8 15.
Rf3 Nb6 16. Rg3 d5 17. e5 Ne4 18. Bxe4 dxe4 19. Qg4 g6 20. h4 Qd8 21. h5 Bh4
22. hxg6 hxg6 23. Rh3 Be7 24. Ree3 Nc4 25. Rh2 Nxe3 26. Qh3 Bf6 27. Bxe3 Bg7
28. Qh7+ Kf8 29. Bc5+ Rxc5 30. Nxc5 Qd2 31. Rh4 Bc6 32. Kh2 e3 33. N5e4 Qxc2
34. Rg4 Bxe4 35. Rg3 e2 36. Nxe2 Qxe2 37. Qh3 Rc8 38. Re3 Qxg2+ 39. Qxg2 Bxg2
40. Kxg2 Rc2+ 41. Kf3 Rxb2 42. Rc3 Bh6 43. Rc8+ Kg7 44. Rc3 Rb1 45. a4 bxa4 46.
Rc6 Rf1+ 47. Ke2 Rxf4 0-1